000 00210nam a22000857a 4500
008 170120b xxu||||| |||| 00| 0 eng d
100 _92517
_aMinhas.S.S.
245 _aMy Green plany-1
260 _aNew Delhi
_bPMP
_c2011
999 _c5594
_d5594